000 00602nam a22001697a 4500
003 OSt
005 20171010095517.0
008 120815t xxu||||| |||| 00| 0 eng d
040 _aMMSU
_cULS
100 _aSabas, Glorietta B.
_912170
245 _aFactors affecting the performance of SVD schools in the licensure examination for teachers
_cGlorietta B. Sabas
260 _c2001
300 _axvii, 146 leaves
_c28 cm.
500 _aThesis (Ed.D. Educational Management) -- Mariano Marcos State University-Graduate School, Laoag City
504 _aBibliography: leaves 117-121
942 _2ddc
_cTHEDIS
999 _c9739
_d9739